Historia ecológica de la cuenca de Chapala (Record no. 51767)
[ view plain ]
| 000 -LEADER | |
|---|---|
| fixed length control field | 00966nam a22002297a 4500 |
| 005 - DATE AND TIME OF LATEST TRANSACTION | |
| control field | 20240522133832.0 |
| 008 - FIXED-LENGTH DATA ELEMENTS--GENERAL INFORMATION | |
| fixed length control field | 230621t2006 mx bo gr|||| 00| 0 spa|d |
| 020 ## - INTERNATIONAL STANDARD BOOK NUMBER | |
| International Standard Book Number | 9706792112 |
| 050 04 - LIBRARY OF CONGRESS CALL NUMBER | |
| Classification number | QH541.15.E19.M6 |
| Item number | B64 2006 |
| 100 1# - MAIN ENTRY--PERSONAL NAME | |
| Personal name | Boehm Schoendube, Brigitte. |
| 245 10 - TITLE STATEMENT | |
| Title | Historia ecológica de la cuenca de Chapala |
| Remainder of title | : antología |
| Statement of responsibility, etc | / Brigitte Boehm Schoendube. |
| 250 ## - EDITION STATEMENT | |
| Edition statement | 1a ed. |
| 260 ## - PUBLICATION, DISTRIBUTION, ETC. (IMPRINT) | |
| Place of publication, distribution, etc | Zamora, México : |
| Name of publisher, distributor, etc | El Colegio de Michoacán : |
| -- | Universidad de Guadalajara. Centro Universitario de Ciencias Sociales y Humanidades, |
| Date of publication, distribution, etc | 2006. |
| 300 ## - PHYSICAL DESCRIPTION | |
| Extent | 288 p. : |
| Other physical details | il. ; |
| Dimensions | 23 cm. |
| 490 0# - SERIES STATEMENT | |
| Series statement | Estudios |
| 504 ## - BIBLIOGRAPHY, ETC. NOTE | |
| Bibliography, etc | Incluye bibliografía : p. 245-256 e índice. |
| 650 #7 - SUBJECT ADDED ENTRY--TOPICAL TERM | |
| Source of heading or term | lemb |
| Topical term or geographic name as entry element | Ecológia |
| Geographic subdivision | Chapala, Cuenca de |
| 650 #7 - SUBJECT ADDED ENTRY--TOPICAL TERM | |
| Source of heading or term | lemb |
| Topical term or geographic name as entry element | Hidrografía |
| Geographic subdivision | Chapala, Cuenca de |
| 651 #7 - SUBJECT ADDED ENTRY--GEOGRAPHIC NAME | |
| Source of heading or term | lemb |
| Geographic name | Chapala, Cuenca de |
| General subdivision | Historia |
| Chronological subdivision | Siglos XIX-XX |
| 710 2# - ADDED ENTRY--CORPORATE NAME | |
| Corporate name or jurisdiction name as entry element | Universidad de Guadalajara. |
| Subordinate unit | Centro Universitario de Ciencias Sociales y Humanidades. |
| 942 ## - ADDED ENTRY ELEMENTS (KOHA) | |
| Source of classification or shelving scheme | Biblioteca del Cogreso de los Estados Unidos |
| Koha item type | Libro |
| Estado de pérdida | Fuente de clasificación | Estado del daño | No para préstamo | Ubicación permanente | Ubicación actual | Apartado o colección | Fecha de adquisición | Dependencia de educación superior (DES) | Área del conocimiento | Clasificación | Código de Barras | Date last seen | Número de copia | Tipo de recurso | Nota pública | Edición | Total Checkouts | Costo por reposición |
|---|---|---|---|---|---|---|---|---|---|---|---|---|---|---|---|---|---|---|
| Biblioteca del Cogreso de los Estados Unidos | Uso interno Biblioteca | Biblioteca de la Facultad de Economía | Biblioteca de la Facultad de Economía | General | 22/05/2024 | Ciencias Económico Administrativas | Ciencias Naturales y Exactas | QH541.15.E19.M6 B64 2006 | BFE000006292 | 21/06/2023 | 1 | Libro | 1a ed. | 1.00 | ||||
| Biblioteca del Cogreso de los Estados Unidos | Biblioteca del Instituto de Investigaciones Históricas | Biblioteca del Instituto de Investigaciones Históricas | General | 14/05/2014 | QH541 .15 .E19 .M6 B64 2006 | IIH000012403 | 14/05/2014 | C:1 | Libro | GENERAL |